| 000 | 00633nam a22002177a 4500 | ||
|---|---|---|---|
| 005 | 20170124105946.0 | ||
| 010 | _aB-181260 | ||
| 020 | _c250.00 | ||
| 035 | _aB-181260 | ||
| 037 | _bCen Lib/Ret | ||
| 040 |
_aDPL _bEN |
||
| 082 |
_a230.1 _bWIL |
||
| 100 |
_aWilson, H. H. _912262 |
||
| 245 |
_aHindu mythology : _cby H. H. Wilson _bvedas and purana / |
||
| 260 |
_aChandigarh _bNew Era Book Agency _c2000 |
||
| 270 |
_bChandigarh _aSCO 49 - 51, (Basement) Sector - 17C _e160017 |
||
| 300 |
_a70p. _c21cm(Hb) |
||
| 650 |
_aHindu mythology _979479 |
||
| 650 |
_aHinduism _979480 |
||
| 942 |
_2ddc _cEN _h230.1 _mWIL |
||
| 999 |
_c124884 _d124884 |
||